Normal view MARC view
  • 9780007302888

Entry Personal Name

Number of records used in: 1

001 - CONTROL NUMBER

  • control field: 130930

003 - CONTROL NUMBER IDENTIFIER

  • control field: NUST

005 - DATE AND TIME OF LATEST TRANSACTION

  • control field: 20251006142544.0

008 - FIXED-LENGTH DATA ELEMENTS

  • fixed length control field: 251006|| aca||aabn | a|a d

040 ## - CATALOGING SOURCE

  • Original cataloging agency: NUST
  • Transcribing agency: NUST

100 ## - HEADING--PERSONAL NAME

  • Personal name: 9780007302888

670 ## - SOURCE DATA FOUND

  • Source citation: Work cat.: (NUST): 9780007302888, Paddington at the Carnival, 1997.
© 2023 Central Library, National University of Sciences and Technology. All Rights Reserved.